| 000 | 00953nam a2200265 4500 | ||
|---|---|---|---|
| 005 | 19840917000000.0 | ||
| 008 | 740903s1956 ii 000 0 eng | ||
| 010 | _aENG-92364 | ||
| 020 |
_a9788180522086 _c195.00 |
||
| 020 |
_a8180522083 _c195.00 |
||
| 035 | _aEN-75897 | ||
| 037 | _bDBAD / PUB | ||
| 040 |
_adpl _bEnglish |
||
| 082 | _a338.5 | ||
| 100 | _aBrajesh Kumar | ||
| 110 | _aIndia. | ||
| 245 |
_aModern microeconomics / _cby Brajesh Kumar |
||
| 260 |
_aNew Delhi _bAne Books _c2008 |
||
| 270 |
_a4821, Parwana Bhawan, Ist Floor, 24, Ansari Road, Darya Ganj, _bNew Delhi _e110002 |
||
| 300 |
_axix, 323p. _c24 cm (pbk) |
||
| 500 | _aIncludes bibliographical references | ||
| 650 | _aMicroeconomics. | ||
| 942 |
_2ddc _cEN _mBRA _h338.5 |
||
| 999 |
_c20630 _d20630 |
||